| 000 | 00727nam a2200253Ia 4500 | ||
|---|---|---|---|
| 003 | OSt | ||
| 005 | 20220924113122.0 | ||
| 006 | a|||||r|||| 00| 0 | ||
| 007 | ta | ||
| 008 | 220923b |||||||| |||| 00| 0 eng d | ||
| 024 | _a60478 | ||
| 037 | _cDictionary | ||
| 040 |
_aARTS _cARTS _beng |
||
| 041 |
_2eng _aeng |
||
| 082 | _aP1511:4k, 111J9-;1 (Q4) | ||
| 100 |
_aRhys David T W ed _9169508 |
||
| 245 | 0 | _aPali English dictionary | |
| 260 |
_aLondon _bPali Text Society _c1959 |
||
| 300 |
_axv,738p. _ccm. |
||
| 650 | _aLINGUISTICS | ||
| 700 |
_a Stede William ed _9169509 |
||
| 942 |
_hP1511:4k, 111J9-;1 (Q4) _cdic _2cc |
||
| 999 |
_c389287 _d389287 |
||